Catálogo público

Diccionario de la lengua española / Real Academia Española (Record no. 217233)

MARC details
000 -CABECERA
campo de control de longitud fija 00713nam a2200229Ia 4500
001 - NÚMERO DE CONTROL
campo de control Para_9828
008 - DATOS DE LONGITUD FIJA--INFORMACIÓN GENERAL
campo de control de longitud fija 220602s9999 xx 000 0 und d
020 ## - NÚMERO INTERNACIONAL ESTÁNDAR DEL LIBRO
Número Internacional Estándar del Libro 8423968146 (o.c.) \ 8423968235 (t. 1) \ 8423968243 (t. 2)
082 ## - NÚMERO DE LA CLASIFICACIÓN DECIMAL DEWEY
Número de clasificación PA 463 R43
110 ## - ENTRADA PRINCIPAL--NOMBRE DE ENTIDAD CORPORATIVA
Nombre de entidad corporativa o nombre de jurisdicción como elemento de entrada Real Academia Española
9 (RLIN) 157028
245 ## - MENCIÓN DE TÍTULO
Título Diccionario de la lengua española / Real Academia Española
250 ## - MENCIÓN DE EDICIÓN
Mención de edición 22
260 ## - PUBLICACIÓN, DISTRIBUCIÓN, ETC.
Lugar de publicación, distribución, etc. México : Real Academia Española
300 ## - DESCRIPCIÓN FÍSICA
Extensión 2 v.
500 ## - NOTA GENERAL
Nota general Contiene: v.1 : a-g. -- v.2 : h-z
650 ## - PUNTO DE ACCESO ADICIONAL DE MATERIA--TÉRMINO DE MATERIA
Término de materia o nombre geográfico como elemento de entrada Español (Lengua) - Diccionarios.Ì
9 (RLIN) 185058
901 ## - ELEMENTOS DE DATOS A LOCAL LDA (RLIN)
a PA 463 R43
902 ## - ELEMENTOS DE DATOS B LOCAL, LDB (RLIN)
a M
905 ## - ELEMENTOS DE DATOS E LOCAL, LDE (RLIN)
a 5232202001 5070000000 06
942 ## - ELEMENTOS DE PUNTO DE ACCESO ADICIONAL (KOHA)
Tipo de ítem Koha Libro_
Holdings
Estado de retiro Estado de pérdida Fuente del sistema de clasificación o colocación Estado dañado No para préstamo Código de colección Localización permanente Ubicación/localización actual Ubicación en estantería Fecha de adquisición Enumeración/cronología de publicación seriada Total de préstamos Código de barras Fecha visto por última vez Número de copia Precio válido a partir de Tipo de ítem Koha Nota pública
    Dewey Decimal Classification     General Parasitologia Agricola Parasitologia Agricola   23/04/2013 Tomo: 2   PA_09922 02/06/2022 1 02/06/2022 Libro 2
    Dewey Decimal Classification     General Parasitologia Agricola Parasitologia Agricola   23/04/2013 Tomo: 1   PA_09921 02/06/2022 1 02/06/2022 Libro 2